000 00831nam a2200241Ia 4500
003 OSt
005 20220927103614.0
006 a|||||r|||| 00| 0
007 ta
008 220926b |||||||| |||| 00| 0 eng d
024 _a70693
037 _cReference Collections
040 _aRTL
_cRTL
_beng
041 _2eng
_aeng
082 _a"X755:(Z,3), H9.63-1/UN"
110 _aBanco De La Republica And Corpoacion Financiera Colombiana
_9360394
245 0 _aSubsidiary loan agreement
_b Third development finance
260 _aNew
_bYork International Bank for Reconstruction and Development USA
_c1969
650 _aForeign Loan
_9360395
700 _aBanco De La Republica And Corpoacion Financiera Colombiana
_9360396
942 _h"X755:(Z,3), H9.63-1/UN"
_cCC
999 _c684246
_d684246